000 01974nam a2200229Ia 4500
003 Ost
005 20260507075618.0
008 260507s9999||||xx |||||||||||||| ||und||
020 _a9789961021279
040 _cfsecg
041 _aara
082 _a657.46
100 _aبوفليح، نبيل
_eمؤلف
245 0 _aدروس وتطبيقات في التحليل المالي :
_bحسب النظام المحاسبي المالي /
_c نبيل بوفليح
260 _aالجزائر:
_bديوان المطبوعات الجامعية,
_c2019
300 _a166 صفحة؛
_bإيضاحات ؛
_c22 سم
504 _aمراجع ص.159 قائمة أهم المصطلحات المستخدمة في التحليل المالي ص.161
520 _aيستعرض الكتاب أهم الأسس والقواعد والتقنيات المعتمدة في التحليل المالي لاسيما في ظل التطورات التي شهدها الميدان المالي والمحاسبي بعد اعتماد نظام محاسبي جديد منذ سنة 2010، وهو موجه لطلبة ميدان العلوم الاقتصادية والتجارية وعلوم التسيير بالاضافة الى العاملين في ميدان المالية والمحاسبة في مختلف الشركات الاقتصادية والمؤسسات المالية، كما يتميز الكاتب بوجود ترابط وتكامل بين الجانبين النظري والتطبيقي عن طريق تدعيم جميع الفصول بأمثلة وحالات تطبيقية مرفقة مع حلول نموذجية مايضمن للقارئ تحكم عملي بأهم طرق التحليل المالي ويمكنه من ممارسة مختلف المهام المرتبطة بوظيفة التسيير المالي في المؤسسة.
653 _a النظام المحاسبي المالي - الجزائر
653 _aالتحليل المالي
942 _cكتاب
999 _c45122
_d45122